000 01480nam a2200349 a 4500
001 ebr10302915
003 CaPaEBR
006 m u
007 cr cn|||||||||
008 090807s2008 dcua sb 000 0 eng d
040 _aCaPaEBR
_cCaPaEBR
035 _a(OCoLC)568151213
050 1 4 _aHG173
_b.M37 2008eb
100 1 _aMasciandaro, Donato,
_d1961-
245 1 0 _aFinancial supervisory independence and accountability
_h[electronic resource] :
_bexploring the determinants /
_cprepared by Donato Masciandaro, Marc Quintyn, and Michael Taylor.
260 _aWashington, D.C. :
_bInternational Monetary Fund :
_bIMF Institute,
_c2008.
300 _a34 p. :
_bill.
490 1 _aIMF working paper ;
_vWP/08/147
500 _a"June 2008."
504 _aIncludes bibliographical references (p. 31-34).
533 _aElectronic reproduction.
_bPalo Alto, Calif. :
_cebrary,
_d2013.
_nAvailable via World Wide Web.
_nAccess may be limited to ebrary affiliated libraries.
650 0 _aFinance
_xState supervision.
650 0 _aBanks and banking, Central
_xState supervision.
655 7 _aElectronic books.
_2local
700 1 _aQuintyn, Marc.
700 1 _aTaylor, Michael,
_d1962-
710 2 _aIMF Institute.
710 2 _aInternational Monetary Fund.
710 2 _aebrary, Inc.
830 0 _aIMF working paper ;
_vWP/08/147.
856 4 0 _uhttp://site.ebrary.com/lib/rucke/Doc?id=10302915
_zAn electronic book accessible through the World Wide Web; click to view
999 _c68604
_d68604